Word Links #3 - Statistics

General Stats
  • This quiz has been taken 4,700 times
    4,486 since last reset
  • The average score is 6 of 8
Answers on the Map
Answers color-coded by a green-red scale on the quiz's map according to % correct below.
 
Answer Stats
Answer % Correct
Asian Countries
93%
Brunei, Iran, Turkey, Vietnam
90%
Birds
86%
The Addams Family
72%
Gomez, Lurch, Pugsley, Wednesday
70%
Chicken, Emu, Kookaburra, Robin
66%
Death, Friday, Magic, Swan
59%
Black _____
40%
No matching quizzes found
Score Distribution
Percent of People with Each Score
Percentile by Number Answered
Your Score History
You have not taken this quiz since the last reset